National Art Library (Record no. 120246)

MARC details
000 -LEADER
fixed length control field 00720cam a2200181 4500
001 - CONTROL NUMBER
control field WS121184
008 - FIXED-LENGTH DATA ELEMENTS--GENERAL INFORMATION
fixed length control field 030331n 000 0 eng u
035 ## - SYSTEM CONTROL NUMBER
System control number (Sirsi) u121825
110 ## - MAIN ENTRY--CORPORATE NAME
Corporate name or jurisdiction name as entry element Victoria and Albert Museum
9 (RLIN) 4421
245 ## - TITLE STATEMENT
Title National Art Library
520 ## - SUMMARY, ETC.
Summary, etc. Web site for this major reference library based at the Victoria and Albert Museum which deals witht eh history of art and design. Includes access to the catalgue, details of collections, subject guides and details of services.
650 ## - SUBJECT ADDED ENTRY--TOPICAL TERM
Topical term or geographic name entry element LIBRARIES
650 ## - SUBJECT ADDED ENTRY--TOPICAL TERM
Topical term or geographic name entry element MUSEUMS
650 ## - SUBJECT ADDED ENTRY--TOPICAL TERM
Topical term or geographic name entry element ARCHIVES
690 ## - LOCAL SUBJECT ADDED ENTRY--TOPICAL TERM (OCLC, RLIN)
Topical term or geographic name as entry element Arts and antiques
9 (RLIN) 6217
856 40 - ELECTRONIC LOCATION AND ACCESS
Uniform Resource Identifier <a href="https://www.nal.vam.ac.uk">https://www.nal.vam.ac.uk</a>
Public note View the website free of charge at www.nal.vam.ac.uk...
942 ## - ADDED ENTRY ELEMENTS (KOHA)
Suppress in OPAC 0
Holdings
Withdrawn status Lost status Source of classification or shelving scheme Damaged status Not for loan Home library Current library Shelving location Date acquired Total Checkouts Full call number Barcode Date last seen Copy number Price effective from Koha item type
    Dewey Decimal Classification     Virtual Virtual Online 31/03/2003   WEB SITE 121825-2001 06/08/2019 1 06/08/2019 Online material